Obra abierta / (Record no. 178371)

MARC details
000 -CABECERA
campo de control de longitud fija 00747nam a2200241 u 4500
005 - FECHA Y HORA DE LA ÚLTIMA TRANSACCIÓN
campo de control 20240913063952.0
008 - ELEMENTOS DE LONGITUD FIJA--INFORMACIÓN GENERAL
campo de control de longitud fija 151022s1992 es r 000 0 spa d
020 ## - NÚMERO INTERNACIONAL NORMALIZADO PARA LIBROS
Número Internacional Estándar del Libro 843992174X
035 ## - NÚMERO DE CONTROL DEL SISTEMA
Número de control de sistema UPN01000206270
049 ## - COLECCIÓN
Colección CG
050 #4 - SIGNATURA TOPOGRÁFICA DE LA BIBLIOTECA DEL CONGRESO
Número de clasificación PN1048
Número de documento/Ítem E2.68a
100 1# - ASIENTO PRINCIPAL--NOMBRE PERSONAL
Nombre de persona Eco, Umberto,
Fechas asociadas al nombre 1932-2016
9 (RLIN) 30161
245 10 - MENCIÓN DE TÍTULO
Título Obra abierta /
Mención de responsabilidad, etc. Umberto Eco ; tr. Roser Berdagué.
260 ## - PUBLICACIÓN, DISTRIBUCIÓN, ETC.
Lugar de publicación, distribución, etc. Barcelona, Esp. :
Nombre del editor, distribuidor, etc. Planeta-Agostini,
Fecha de publicación, distribución, etc. 1992.
300 ## - DESCRIPCIÓN FÍSICA
Extensión 351 p.
440 #0 - MENCIÓN DE SERIE/ASIENTO SECUNDARIO--TÍTULO
Título Obras maestras del pensamiento contemporáneo ;
Designación de volumen o secuencia 6
534 ## - NOTA SOBRE LA VERSIÓN ORIGINAL
Frase introductoria Traducción de:
Encabezamiento principal del original Opera Aperta
650 #4 - ASIENTO SECUNDARIO DE MATERIA - TERMINO TEMATICO
Término de materia o nombre geográfico como elemento de entrada POETICA
9 (RLIN) 1326
650 #4 - ASIENTO SECUNDARIO DE MATERIA - TERMINO TEMATICO
Término de materia o nombre geográfico como elemento de entrada POESIA MODERNA -
Subdivisión cronológica SIGLO XX -
Subdivisión general HISTORIA Y CRITICA
9 (RLIN) 1303
650 #4 - ASIENTO SECUNDARIO DE MATERIA - TERMINO TEMATICO
Término de materia o nombre geográfico como elemento de entrada ARTE -
Subdivisión general FILOSOFIA
9 (RLIN) 2481
905 ## - TIPO DE MATERIAL
Tipo de material Libro
Holdings
Estado de retiro Estado de pérdida Fuente del sistema de clasificación o colocación Estado dañado No para préstamo Código de colección Localización permanente Ubicación/localización actual Ubicación en estantería Total de préstamos Clasificación Código de barras Fecha visto por última vez Número de copia Tipo de ítem Koha Fecha de adquisición Precio válido a partir de
    Library of Congress Classification     Colección General Bib. Gregorio Torres Quintero Bib. Gregorio Torres Quintero Planta baja 1 PN1048 E2.68a 307194 31/12/2020 1 Libro    
    Library of Congress Classification     Colección General Bib. Gregorio Torres Quintero Bib. Gregorio Torres Quintero Planta baja   PN1048 E2.68a 333269 03/02/2023 Ej.2 Libro 03/02/2023 03/02/2023